1900年5月10日の逓信省鉄道局 (東海道線) の駅名_Station of Tokaido line in May 10th 1900 - Statistics

General Stats
  • This quiz has been taken 51 times
  • The average score is 68 of 103
Answer Stats
Hint Answer % Correct
新橋
100%
品川
100%
鶴見
100%
川崎
98%
支線 横浜
98%
大船
98%
浜松
98%
戸塚
95%
平塚
95%
国府津
95%
米原
95%
神奈川
93%
支線 横須賀
93%
藤沢
93%
御殿場
93%
沼津
93%
静岡
93%
名古屋
93%
岐阜
93%
大垣
93%
関ヶ原
93%
草津
93%
京都
93%
大阪
93%
神戸
93%
大森
90%
支線 鎌倉
90%
支線 逗子
90%
茅ヶ崎
90%
掛川
90%
豊橋
90%
松田
88%
三島
88%
彦根
88%
高槻
88%
大磯
85%
支線 大津
85%
焼津
80%
金谷
80%
山科
80%
三ノ宮
80%
山北
78%
興津
78%
島田
78%
岡崎
78%
熱田
78%
八幡
78%
山崎
78%
76%
蒲郡
76%
大府
76%
野洲
76%
茨木
76%
蒲原
73%
藤枝
73%
刈谷
73%
支線 武豊
73%
支線 長浜
73%
安城
71%
垂井
71%
吹田
71%
小山
68%
袋井
68%
醒ヶ井
68%
支線 敦賀
68%
西ノ宮
68%
長岡
66%
支線 半田
63%
程ヶ谷
61%
二川
61%
木曽川
61%
能登川
61%
大高
59%
清洲
59%
柏原
59%
向日町
59%
鷲津
56%
天竜川
51%
一ノ宮
46%
支線 木ノ本
46%
河瀬
44%
支線 高月
41%
住吉
41%
支線 疋田
39%
稲荷
37%
江尻
29%
舞坂
27%
支線 柳ヶ瀬
24%
大谷
20%
神崎
20%
中泉
17%
支線 亀崎
17%
支線 緒川
17%
御油
15%
馬場
12%
佐野
7%
岩淵
7%
堀ノ内
7%
貨物支線 蛇松(貨)
5%
鈴川
5%
支線 金ヶ崎(貨)
5%
支線 石場
5%
支線 中ノ郷
2%
No matching quizzes found
Score Distribution
Percent of People with Each Score
Percentile by Number Answered
Your Score History
You have not taken this quiz